000 00433nam a2200205Ia 4500
001 003906
003 YMCAF
005 20230512160238.0
008 100717s1974 ||||||||||||||||| ||und|d
024 _a3906
035 _a3911
040 _aYMCAF
_beng
_cIN-KoLT
041 _aeng
082 _aSAM-CUP
100 _aCURRICULUM DEV
245 0 _aSAMPLE TEST ITEMS IN PHYSICS
260 _c1974
300 _a0
942 _2ddc
_cBK
999 _c3103
_d3103